| 000 | 00865nam a2200253 i 4500 | ||
|---|---|---|---|
| 001 | 77680 | ||
| 003 | ES-MaACL | ||
| 005 | 20250823085844.0 | ||
| 007 | t| | ||
| 008 | 041102s2001 pr |||| | spa d | ||
| 020 | _a0-8744-0113-1 | ||
| 080 | _a972.95 | ||
| 080 | _a37(729.5) | ||
| 100 | 1 |
_aMaldonado Jiménez, Rubén. _975730 |
|
| 245 | 1 | 0 |
_aHistoria y educación _b: acercamiento a la historia social de la educación en Puerto Rico / _cRubén Maldonado Jiménez. |
| 250 | _a1ª ed. | ||
| 260 |
_aSan Juan de Puerto Rico : _bUniversidad de Puerto Rico, _c2001. |
||
| 300 |
_a227 p. ; _c23 cm. |
||
| 650 | 1 | 4 |
_aEnseñanza- _zPuerto Rico. _9163434 |
| 651 | 4 |
_aPuerto Rico- _xSituación social. _99292 |
|
| 710 | 2 |
_aUniversidad de Puerto Rico _97273 |
|
| 852 |
_aES-MaACL _jE-10211 _z. - Donativo Ateneo Puertorriqueño |
||
| 999 |
_c77680 _d77680 |
||